000 00439nam a2200157 4500
001 145012
003 ES-MaACL
005 20230906201139.0
007 t|
008 070214s1959 sp r ||||1| spa d
100 1 _aSosa Ayala, Natalia.
_9107439
245 1 0 _aStefania /
_cNatalia Sosa Ayala.
260 _aLas Palmas :
_b[s. n.],
_c1959 (
_fImp. Rexachs)
300 _a141 p., 5 lám. ;
_c20 cm.
852 _aES-MaACL
_jC-16648
_bR.44922
999 _c145012
_d145012